000 00844cas a22002537a 4500
001 39315
003 UA-OsUOA
005 20210324123744.0
007 ta
008 20060614b un ||ru ||p| 00| 0 ukrcdrus d
022 _a01306073
040 _aUA-OsUOA
_brus
_cUA-OsUOA
_dUA-OsUOA
041 _arus
044 _aRU
080 _a81
090 _a81
_bИ67
099 _a73181
110 _aУчредители : Министерство образования Российской Федерации
245 _aИностранные языки в школе
_bнаучно-методический журнал
_cглав. ред. Каменецкая
260 _aМ.
650 7 _a81 Мовознавство. Художня література. Літературознавство
_2UDC
942 _cMG
_2udc
955 _a2
999 _c286853
_d286853